书目信息 |
| 题名: |
油漆工
|
|
| 作者: | 张永红 主编 | |
| 分册: | 初级工 中级工 | |
| 出版信息: | 北京 中国环境出版集团 2019.07 |
|
| 页数: | 107页 | |
| 开本: | 20cm | |
| 丛书名: | 建筑工人职业技能培训系列教材 | |
| 单 册: | ||
| 中图分类: | TU767 | |
| 科图分类: | ||
| 主题词: | 建筑工程--jian zhu gong cheng--涂漆--技术培训--教材 | |
| 电子资源: | ||
| ISBN: | 978-7-5111-3735-7 | |
| 000 | 01071nam 2200289 450 | |
| 001 | 0100028678 | |
| 005 | 20211025120159.0 | |
| 010 | @a978-7-5111-3735-7@dCNY11.00 | |
| 100 | @a20190828d2019 em y0chiy50 ea | |
| 101 | 0 | @achi |
| 102 | @aCN@b110000 | |
| 105 | @ak a 000yy | |
| 106 | @ar | |
| 200 | 1 | @a油漆工@Ayou qi gong@i初级工 中级工@f主编张永红 |
| 205 | @a修订本 | |
| 210 | @a北京@c中国环境出版集团@d2019.07 | |
| 215 | @a107页@d20cm | |
| 225 | 2 | @a建筑工人职业技能培训系列教材@Ajian zhu gong ren zhi ye ji neng pei xun xi lie jiao cai |
| 320 | @a有书目 (第107页) | |
| 330 | @a本书包括涂料的基本知识、常用材料、常用工具和机械设备、施工准备、涂饰施工、施工组织管理和质量验收标准、安全与环境管理、油漆施工中常见的问题分析及处理方法等内容。 | |
| 410 | 0 | @12001 @a建筑工人职业技能培训系列教材 |
| 517 | 1 | @a初级工 中级工@Achu ji gong zhong ji gong |
| 606 | 0 | @a建筑工程@Ajian zhu gong cheng@x涂漆@x技术培训@j教材 |
| 690 | @aTU767@v5 | |
| 701 | 0 | @a张永红@Azhang yong hong@4主编 |
| 801 | 0 | @aCN@c20210909 |
| 905 | @a河南城建学院图书馆@dTU767@eZ232 | |
| 油漆工.初级工 中级工/主编张永红.-修订本.-北京:中国环境出版集团,2019.07 |
| 107页;20cm.-(建筑工人职业技能培训系列教材) |
| ISBN 978-7-5111-3735-7:CNY11.00 |
| 本书包括涂料的基本知识、常用材料、常用工具和机械设备、施工准备、涂饰施工、施工组织管理和质量验收标准、安全与环境管理、油漆施工中常见的问题分析及处理方法等内容。 |
| ● |
| 相关链接 |
|
|
|
正题名:油漆工
索取号:TU767/Z232
 
预约/预借
| 序号 | 登录号 | 条形码 | 馆藏地/架位号 | 状态 | 备注 |
| 1 | 1545807 | 215458074 | 建筑库201/201建筑库 46排7列2层/ [索取号:TU767/Z232] | 在馆 | |
| 2 | 1545808 | 215458083 | 建筑库201/201建筑库 46排7列2层/ [索取号:TU767/Z232] | 在馆 |